| 000 | 00407cam a2200145ua 4500 | ||
|---|---|---|---|
| 041 |
_aeng _h |
||
| 082 |
_a828.09 _bDAV/AR |
||
| 100 | _aDavie, Donald . | ||
| 245 |
_aArticulate energy: an inguiry to the syntax of English poetry / _cDonald Davie. _hTextual Documents |
||
| 260 |
_aLondon : _bRoutledge & Kegan Paul Ltd , _c1955. |
||
| 300 | _a173 ; . | ||
| 504 | _a | ||
| 942 | _cBK | ||
| 999 |
_c12673 _d12673 |
||